[Event "USA-ch"]
[Site "Saint Louis"]
[Date "2016.04.14"]
[Round "1"]
[White "So, Wesley"]
[Black "Kamsky, Gata"]
[Result "1-0"]
[WhiteElo "2773"]
[BlackElo "2678"]
[Annotator "Roiz,M"]
[PlyCount "55"]
[EventDate "2016.04.14"]
[EventType "tourn"]
[EventRounds "11"]
[EventCountry "USA"]
[EventCategory "17"]
[SourceTitle "CBM 172"]
[Source "ChessBase"]
[SourceDate "2016.05.12"]
[SourceVersion "1"]
[SourceVersionDate "2016.05.12"]
[SourceQuality "1"]

1. e4 e5 2. Nf3 Nc6 3. Bb5 a6 4. Ba4 Nf6 5. O-O Be7 6. Re1 b5 7. Bb3 d6 8. c3
O-O 9. h3 Nb8 {The solid Breyer system is one of Gata's main weapons against 1.
e4, so it couldn't come as a real surprise for Wesley.} 10. d4 Nbd7 11. Nbd2
Bb7 12. Bc2 Re8 13. Nf1 Bf8 14. Ng3 g6 15. Bg5 {The main idea behind this move
is provoking h7-h6, which exposes the kingside structure.} ({The most popular
continuations here are} 15. b3) ({and} 15. a4) 15... h6 16. Bd2 Bg7 17. a4 c6
$6 {Finally Gata deviates from the main theoretical paths, but this passive
move is a serious concession.} ({Instead, he should have chosen between} 17...
c5 18. d5 c4 19. b4 cxb3 20. Bxb3 Nc5 21. c4 Qd7 22. cxb5 ({Possibly,} 22. a5
$5 {can pose Black more problems.}) 22... axb5 23. a5 Reb8 24. Bc2 Bc8 25. Rb1
Qd8 $132 {1/2 Vachier Lagrave,M (2773)-Adams,M (2737) London ENG 2015}) ({and} 
17... Nb6 18. b3 bxa4 19. bxa4 a5 20. Bd3 Ba6 21. Bxa6 Rxa6 22. Qb3 Qa8 $132 {
1-0 Ni Hua (2691)-Wagner,D (2583) Karlsruhe GER 2016}) 18. axb5 $146 {A
novelty. Opening up the a-file was connected with a concrete idea.} (18. b4 $5
{also deserved serious attention:} Nb6 19. Qc1 Kh7 20. Bb3 Qe7 21. Qc2 $14) ({
Or} 18. b3 Qc7 19. Qc1 Kh7 20. Bd3 Nf8 21. dxe5 dxe5 22. c4 $14 {Duda,J (2603)
-Inarkiev,E (2680) Wroclaw POL 2014, with a serious space advantage in both
cases.}) 18... axb5 19. Rxa8 Qxa8 20. Nh4 $5 {An aggressive idea, which was
fully justified in the game!} ({Honestly speaking, a stronger move was} 20. Be3
{and now if} c5 (20... exd4 21. cxd4 c5 22. d5 $14) 21. d5 c4 22. Qd2 h5 23.
Nh4 $36 {, then the same idea as in the game would work effectively.}) 20...
Qd8 $6 {Perhaps, Gata had underestimated White's attacking resources, so he
immediately accepted the challenge!} ({At the same time, the correct} 20...
exd4 $1 21. cxd4 c5 22. d5 Qd8 $1 {would maintain the balance, since now the
same sac is less effective:} 23. Nhf5 gxf5 24. Nxf5 Ne5 25. Nxh6+ Bxh6 26. Bxh6
Nh7 $132) 21. Qc1 $1 {The last preparations...} Kh7 $2 {It's hard to believe,
but this natural move is a decisive mistake!} ({He had to play} 21... Nh7 $1
22. Nf3 (22. Nhf5 gxf5 23. Nxf5 Re6 24. Bxh6 Bxh6 25. Nxh6+ Kf8 26. Nf5 $44 {
offers White sufficient compensation, but not more.}) 22... h5 23. Bh6 Bf6 $14
{White's positional advantage is obvious, but a complex struggle lies ahead.})
22. Nhf5 $1 gxf5 23. Nxf5 Re6 ({After} 23... Bf8 24. Bxh6 Ng8 25. Bxf8 Nxf8 {
White wins in beautiful style:} 26. Qd1 Nf6 27. Qd2 Ng8 28. Qe2 Nf6 29. Qe3 Ng8
30. Qf3 Nf6 31. dxe5 dxe5 32. Rd1 Qc7 33. Qe3 Ng8 34. Qg5 $18) 24. Bxh6 {
The lack of harmony in Black's camp makes the attack decisive.} Ne8 (24... Nh5
25. Bg5 Bf6 26. Bxf6 Qxf6 27. dxe5 Nxe5 (27... dxe5 28. Qd1 $1 $18 {[%csl Rd7,
Rh5]}) 28. f4 Ng6 29. e5 dxe5 30. fxe5 Rxe5 31. Qh6+ Kg8 32. Rxe5 Qxe5 33. Qxh5
$18) 25. Bg5 Bf6 (25... Qc7 26. dxe5 dxe5 (26... Nxe5 27. f4 Nd7 28. e5 $18)
27. Bb3 Nc5 28. Bxe6 Nxe6 29. Qd1 Kg8 30. Qg4 $18) 26. Bxf6 Qxf6 {Gata was
able to exchange one pair of bishops, but the awkward placement of his rook
invites new troubles...} (26... Rxf6 27. Qg5 Nf8 28. Re3 $18) 27. d5 Re7 (27...
cxd5 28. exd5 Bxd5 29. Ne3+ {is completely hopeless too.}) 28. g4 $1 {Black
loses the whole rook.} 1-0

[Event "Interpolis-03"]
[Site "Tilburg"]
[Date "1979.11.16"]
[Round "11"]
[White "Romanishin, Oleg M"]
[Black "Spassky, Boris Vasilievich"]
[Result "1-0"]
[WhiteElo "2560"]
[BlackElo "2640"]
[Annotator "Romanishin,O"]
[PlyCount "125"]
[EventDate "1979.11.01"]
[EventType "tourn"]
[EventRounds "11"]
[EventCountry "NED"]
[EventCategory "15"]
[SourceTitle "MCL"]
[Source "ChessBase"]
[SourceDate "1999.07.01"]
[SourceVersion "1"]
[SourceVersionDate "1999.07.01"]
[SourceQuality "1"]

1. e4 e5 2. Nf3 Nc6 3. Bb5 a6 4. Ba4 Nf6 5. O-O Be7 6. Re1 b5 7. Bb3 d6 8. c3
O-O 9. h3 Nb8 10. d4 Nbd7 11. Nbd2 Bb7 12. Bc2 Re8 13. Nf1 Bf8 14. Bg5 h6 15.
Bh4 Qc8 (15... c5 $142) (15... g5 16. dxe5) (15... exd4 16. cxd4 g5 17. Nxg5)
16. dxe5 dxe5 17. N3h2 c5 18. Qf3 Qc6 (18... a5 $5 {/\Ta6}) (18... c4 19. Ne3
a5 {/\Ta6 Spassky}) 19. Rad1 c4 (19... Qe6 20. b3 (20. c4 $5)) 20. Ne3 g6 21.
Rd2 Be7 22. Red1 Qe6 23. Nhg4 Kg7 (23... h5 24. Nh6+ Kg7 (24... Kh8 25. Nxf7+
Qxf7 26. Rxd7) 25. Nhf5+ $1) 24. b3 $1 h5 $5 (24... Rab8 25. bxc4 bxc4 26. Ba4
Bxe4 27. Nxf6 Bxf3 28. Nxe8+ Rxe8 29. Bxd7 Bxd1 30. Bxe6 Bxh4 31. Bd7 $18) (
24... Rac8 25. bxc4 bxc4 26. Ba4 Bc6 (26... Bxe4 27. Nxf6 Bxf3 28. Nxe8+ Rxe8
29. Bxd7 Bxd1 30. Bxe6 Bxh4 31. Bd7) 27. Bxc6 Rxc6 (27... Qxc6 28. Nxf6 Nxf6
29. Rd6 $1) 28. Nf5+ $18) (24... Rad8 25. bxc4 (25. Nxf6 Nxf6 26. Bxf6+ Bxf6
27. Rxd8 Rxd8 28. Rxd8 Bxd8 29. bxc4) 25... Nxg4 26. Qxg4 Qxg4 27. hxg4 Bxh4
28. Rxd7 Rxd7 29. Rxd7 Bc8 30. Rc7 $16) 25. Nxf6 Nxf6 26. bxc4 bxc4 27. Bxf6+
Qxf6 28. Qxf6+ Bxf6 29. Nxc4 Re7 30. Nd6 Rc7 31. Bb3 Bc6 32. c4 Rb8 33. c5 Bg5
34. Rd3 (34. Rc2) 34... h4 35. g3 Rb4 36. gxh4 Bxh4 37. Bd5 Bb5 (37... Ba4 $142
38. Rc1 {/\39.Lf7, 39.c6}) 38. Nxb5 axb5 39. c6 $18 Rb2 40. Rf1 (40. Rf3 $142)
40... Be7 41. Rf3 (41. Rb3 Rxb3 42. axb3 Ra7 $1) 41... Bg5 (41... Bd6 42. Rd1
Bc5 43. Rc1 Bb6 44. a3 {/\Tcc3-b3}) 42. Rd1 b4 43. Rdd3 Bf4 44. Rb3 Rxa2 (44...
Rxb3 45. Rxb3 Bd2 46. Kf1 Ra7 47. Ke2 Bc3 (47... Rxa2 48. Rd3) 48. a3 $18 bxa3
49. Rxa3) 45. Rxb4 Rc2 46. Rb6 $1 (46. Rb7 $6 R2xc6 47. Bxc6 Rxc6 $16) 46... g5
47. Rfb3 {/\48.Ta6, 49.Tb7} Kf6 (47... Kf8 48. Ra6 Ke7 49. Rb7 Kd6 50. Rxc7
Kxc7 51. Ra7+) 48. Rb7 R2xc6 49. Bxc6 Rxc6 50. R3b6 Rxb6 51. Rxb6+ Kg7 52. Kf1
f6 53. Ke2 Kg6 54. Kd3 Bh2 55. Rc6 Bg1 56. f3 Bh2 57. Kc4 $2 (57. Rc8 $142 Kh5
58. Rh8+) 57... Kh5 58. Rxf6 Bf4 (58... Kh4 59. Rh6+ Kg3 60. Kd3 Kxf3 61. h4 g4
62. h5 Bf4 63. Rg6 g3 64. h6 $18) 59. Kd3 (59. Rxf4 gxf4 60. Kd5 Kh4 61. Kxe5
Kg3 62. h4 Kxf3 63. h5 $18) 59... Kh4 60. Rh6+ Kg3 61. Ke2 Bc1 62. Rg6 Kh2 (
62... Kxh3 63. Kf2) (62... Bf4 63. h4 Kxh4 64. Kf2 Kh5 65. Rg8) 63. f4 1-0

[Event "URS-chT Cup 10th"]
[Site "Ordzhonikidze"]
[Date "1978.05.??"]
[Round "7"]
[White "Geller, Efim P"]
[Black "Romanishin, Oleg M"]
[Result "1-0"]
[WhiteElo "2590"]
[BlackElo "2610"]
[Annotator "Romanishin,O"]
[PlyCount "97"]
[EventDate "1978.05.05"]
[EventType "team-tourn"]
[EventRounds "7"]
[EventCountry "URS"]
[SourceTitle "EXT 2017"]
[Source "ChessBase"]
[SourceDate "2016.10.25"]
[SourceVersion "1"]
[SourceVersionDate "2016.10.25"]
[SourceQuality "1"]
[WhiteTeam "Soviet Army"]
[BlackTeam "Avangard"]
[WhiteTeamCountry "RUS"]
[BlackTeamCountry "URS"]

1. e4 e5 2. Nf3 Nc6 3. Bb5 a6 4. Ba4 Nf6 5. O-O Be7 6. Re1 b5 7. Bb3 d6 8. c3
O-O 9. h3 Nb8 10. d4 Nbd7 11. Nbd2 Bb7 12. Bc2 Re8 13. Nf1 Bf8 14. Ng3 g6 15.
a4 c5 16. d5 Nb6 17. Qe2 Nxa4 18. Bxa4 bxa4 19. Rxa4 Bc8 20. Bg5 $146 (20. c4 {
Matulovic,M (2510)-Smejkal,J (2575) Dortmund 1977 (2) 1/2}) 20... h6 21. Be3
Rb8 22. Rea1 Nh7 $6 (22... Nd7 {Inf25}) 23. Qc2 h5 24. Nd2 Be7 25. Nc4 Bg5 26.
Qd2 h4 27. Nf1 Kg7 28. Nxd6 Qxd6 29. Bxg5 Nxg5 30. Qxg5 Rxb2 31. Qxh4 Qb6 32.
Qg5 Rb1 33. Qd2 Bd7 34. R4a2 Rb8 35. c4 Qb3 36. Rxb1 Qxb1 37. Qc2 Qe1 38. Qe2
Qxe2 39. Rxe2 Rb4 40. Rc2 Ba4 41. Rc1 a5 42. Nd2 f5 43. Ra1 fxe4 44. Ra2 Kf8
45. Kf1 Bd1 46. Rxa5 Bc2 47. Ke2 Ke7 48. Ke3 Kd6 49. Nxe4+ 1-0

[Event "San Salvador zt 2.3"]
[Site "San Salvador"]
[Date "2017.05.29"]
[Round "7"]
[White "Ruiz Castillo, Joshua Daniel"]
[Black "Gonzalez Vidal, Yuri"]
[Result "1-0"]
[WhiteElo "2350"]
[BlackElo "2534"]
[Annotator "Ruiz,J"]
[PlyCount "183"]
[EventDate "2017.05.26"]
[EventType "swiss"]
[EventRounds "9"]
[EventCountry "ESA"]
[SourceTitle "CBM 179"]
[Source "ChessBase"]
[SourceDate "2017.07.12"]
[SourceVersion "1"]
[SourceVersionDate "2017.07.12"]
[SourceQuality "1"]

1. e4 e5 2. Nf3 Nc6 3. Bb5 a6 4. Ba4 Nf6 5. O-O Be7 6. Re1 b5 7. Bb3 d6 8. c3
O-O 9. h3 Nb8 10. d4 Nbd7 11. Nbd2 Bb7 12. Bc2 Re8 13. Nf1 Bf8 14. Ng3 g6 15.
a4 c5 16. d5 c4 17. Bg5 Nc5 {I don't really know the Breyer system, I was
prepared only for ...h6.} (17... h6 {is the main move.}) 18. Qd2 {[%cal Rh7h6]}
Be7 19. Be3 (19. Bh6 $5 Nfd7 20. Nh2 Nxa4 21. Bxa4 bxa4 22. Rxa4 a5 23. Ng4 Ba6
24. Be3 Bb5 25. Raa1 h5 26. Nh6+ (26. Nxh5 $5) 26... Kg7 27. Nxh5+ gxh5 28.
Nf5+ Kg6 (28... Kh8 29. Bb6 Bg5 30. Qe2 Nxb6 31. Qxh5+ Kg8 32. h4 Bd7 33. hxg5
Bxf5 34. exf5 Nxd5 35. Qh6 Qe7 36. Red1 Nf4 37. g3 $16) 29. f4 $44 {1-0 (46)
Azarov,S (2594)-Zhigalko,S (2662) Minsk BLR 2017} (29. Qe2 $5)) 19... Nfd7 20.
Nh2 {I spent 20 minutes looking for a good plan for me. Eventually I came to
the conclusion I had to play f4.} h5 21. Rf1 Bf8 $6 {[%cal Gh8a1,Re7f6]} (21...
Bf6 22. Ne2 Bg7 23. g4 hxg4 24. hxg4 bxa4 $13) 22. Bg5 $5 f6 $6 (22... Be7 $5)
23. Be3 $14 {[%csl Rf6,Rg6]} Qe7 {I concluded f4 wasn't good yet. I thought my
knight was not well placed on h2.} 24. Nf3 $1 {[%cal Gf3h4,Rf2f4]} Qh7 25. Nh4
Be7 26. f4 $1 {I wasn't completely sure about the consequences of that move,
but it looked promising. Moreover, the tournament situation encouraged me to
play aggressively.} Rab8 $6 (26... exf4 27. Bxf4 Ne5 (27... g5 $6 28. Nhf5 gxf4
29. Rxf4 Ne5 30. Raf1 $1 Bd8 31. Rh4 $40) 28. Be3 Nxa4 29. Bxa4 bxa4 30. Nf3 {
[%cal Gf3d4]} Bc8 31. Rxa4 $14 (31. Nxe5 fxe5 32. Rxa4 Bd7 33. Ra5 h4 34. Nh1
$1 $14)) (26... f5 27. exf5 Bxh4 28. fxg6 Qh8 29. Nf5 Be7 30. g7 $18) (26...
Nb3 27. Bxb3 exf4 28. Rxf4 cxb3 29. Rff1 Ne5 30. Qe2 bxa4 31. Rxa4 a5 32. Nf3
Bc8 33. Nxe5 fxe5 34. Rfa1 Bd8 35. R4a3 Ba6 36. c4 Rc8 37. Ra4 $14) 27. axb5
axb5 28. Nf3 (28. f5 $1 g5 29. Ng6 h4 30. Nh1 Ra8 31. Nf2 Rec8 32. Qe2 Nf8 33.
Bxc5 dxc5 34. b3 $16) 28... Ra8 29. fxe5 (29. f5 g5 30. Qe2 Rec8 (30... h4 31.
Nh1 Qg7 32. Nf2 $16 {[%cal Gf2g4,Gf3d2,Rb2b3]}) 31. Nd2 $14) 29... dxe5 30. Qe2
{[%csl Gb5,Gc4][%cal Yf3d2,Yb2b3]} Rxa1 31. Rxa1 Ra8 32. Rxa8+ Bxa8 33. Nd2 Bb7
34. b3 $1 $16 Ba6 35. bxc4 bxc4 36. Nxc4 Qf7 37. Bb1 h4 38. Nf1 f5 39. exf5 (
39. Qa2 fxe4 40. Ncd2 Bd3 41. Qa8+ Kg7 42. Bxd3 exd3 43. Qc6 Nb8 44. Qc7 Nba6
45. Qxe5+ $16) 39... gxf5 40. Ba2 Bxc4 $6 $18 (40... Ne4 41. d6 Bf6 42. Nxe5
Bxe2 43. Bxf7+ Kg7 44. Nxd7 Kxf7 45. Nxf6 Kxf6 46. Nd2 Nxd6 $16) 41. Qxc4 Kg7
42. Nd2 e4 43. Bd4+ Kh7 44. d6 Qxc4 45. Nxc4 Bf6 46. Bxf6 Nxf6 47. Ne5 Kg7 48.
Bc4 (48. Kf2 f4 49. Ke2 Nb7 50. d7 $18) 48... f4 (48... e3 49. Bb5 Kf8 (49...
Kf8 50. d7 Ke7 51. Ng6+ Kd8 52. Nxh4 f4 53. Ng6 Nh5 54. Ne5) 50. d7 Ke7 51.
Ng6+ Kd8 52. Nxh4 $18) 49. Bb5 Ne6 50. d7 e3 51. Bc4 Nd8 52. Kf1 Kf8 53. Ke2
Ke7 54. Kf3 Nh5 55. Ng6+ Kxd7 56. Nxf4 Ng3 57. Bd5 Kd6 58. Kxe3 Ke5 59. Kf3 Nf1
60. c4 Nh2+ 61. Ke3 Nf1+ 62. Kf2 Nd2 63. Ng6+ Kd4 64. Nxh4 Nxc4 65. Bxc4 Kxc4
66. Ke3 Kd5 67. Ng6 Ke6 68. Nf4+ Kf6 69. g4 Kg5 70. Ng2 Ne6 71. Ke4 Nf8 72. Kf3
Ne6 73. h4+ Kf6 74. Nf4 Nc5 75. Ke3 (75. Nd5+ Kg6 76. g5 $18) 75... Nd7 76. Nd3
Nf8 77. Nf4 Nd7 78. Kd4 Ne5 79. Nh5+ Ke6 80. Ng7+ Kd6 81. g5 Nc6+ (81... Nf3+
82. Ke4 Nxh4 83. Nf5+ Nxf5 84. Kxf5) 82. Ke4 Ke7 83. Nf5+ Kf7 84. h5 Nb8 85.
Nd6+ Kg7 86. Ne8+ Kf7 87. Nd6+ Kg7 88. Kd5 Nd7 89. Ke6 Nb6 90. Nf5+ Kg8 91. g6
Na4 92. Kf6 1-0

[Event "Danzhou 6th"]
[Site "Danzhou"]
[Date "2015.07.09"]
[Round "7"]
[White "Yu, Yangyi"]
[Black "Bruzon Batista, Lazaro"]
[Result "1/2-1/2"]
[WhiteElo "2736"]
[BlackElo "2669"]
[Annotator "Sagar Shah"]
[PlyCount "90"]
[EventDate "2015.07.02"]
[EventType "tourn"]
[EventRounds "9"]
[EventCountry "CHN"]
[EventCategory "17"]
[SourceTitle "CBM 167"]
[Source "ChessBase"]
[SourceDate "2015.07.13"]
[SourceVersion "1"]
[SourceVersionDate "2015.07.13"]
[SourceQuality "1"]

1. e4 e5 2. Nf3 Nc6 3. Bb5 a6 4. Ba4 Nf6 5. O-O Be7 6. Re1 b5 7. Bb3 d6 8. c3
O-O 9. h3 Bb7 10. d4 Re8 11. Nbd2 Bf8 12. Bc2 Nb8 13. a4 Nbd7 14. Bd3 c6 15.
Nf1 d5 16. Bg5 dxe4 17. Rxe4 c5 $2 (17... Be7 18. Re2 exd4 19. Nxd4 g6 $13) 18.
dxe5 $1 Bxe4 19. Bxe4 Rb8 20. axb5 axb5 21. Bc6 $2 (21. exf6 $1 Rxe4 22. Ng3
Ra4 (22... Re6 23. fxg7 Be7 24. Bf4 $16) 23. fxg7 Be7 24. Rxa4 bxa4 25. Bxe7
Qxe7 26. Qxa4 Rxb2 27. Nf5 Qe8 28. Qh4 $16) 21... Qc7 22. Ra6 Re6 23. exf6 Rxc6
24. Bf4 Qxf4 25. Rxc6 Nxf6 $11 26. Ne3 h6 27. Ra6 Qe4 28. b3 c4 29. bxc4 bxc4
30. Ra1 Bc5 31. Nd2 Qd3 32. Ndxc4 Qxc3 33. Rc1 Qb3 34. Qxb3 Rxb3 35. Nd2 Rxe3
36. Rxc5 Re1+ 37. Nf1 g6 38. Rc2 Kg7 39. g3 Re7 40. Kg2 Rd7 41. Rb2 Ne4 42. Re2
Nc5 43. Rc2 Ne4 44. Re2 Nc5 45. Rc2 Ne4 1/2-1/2

[Event "FIDE World Cup"]
[Site "Tbilisi"]
[Date "2017.09.04"]
[Round "1.2"]
[White "Harikrishna, Pentala"]
[Black "Gonzalez Vidal, Yuri"]
[Result "1-0"]
[WhiteElo "2743"]
[BlackElo "2547"]
[Annotator "Sagar Shah"]
[PlyCount "81"]
[EventDate "2017.09.03"]
[EventType "k.o."]
[EventRounds "7"]
[EventCountry "GEO"]
[SourceTitle "CBM 181"]
[Source "ChessBase"]
[SourceDate "2017.11.10"]
[SourceVersion "1"]
[SourceVersionDate "2017.11.10"]
[SourceQuality "1"]
[TimeControl "40/5400+30:1800+30"]

1. e4 {[%emt 0:00:00]} e5 {[%emt 0:00:17]} 2. Nf3 {[%emt 0:00:00]} Nc6 {
[%emt 0:00:12]} 3. Bb5 {[%emt 0:00:00]} a6 {[%emt 0:00:17]} 4. Ba4 {[%emt 0:00:
00]} Nf6 {[%emt 0:00:19]} 5. O-O {[%emt 0:00:00]} Be7 {[%emt 0:00:25]} 6. Re1 {
[%emt 0:00:04]} b5 {[%emt 0:00:27]} 7. Bb3 {[%emt 0:00:06]} d6 {[%emt 0:00:24]}
8. c3 {[%emt 0:00:04]} O-O {[%emt 0:00:39]} 9. h3 {[%emt 0:00:06]} Nb8 {
[%emt 0:00:48]} 10. d4 {[%emt 0:00:59]} Nbd7 {[%emt 0:00:09]} 11. Nbd2 {
[%emt 0:00:09]} Bb7 {[%emt 0:02:26]} 12. Bc2 {[%emt 0:00:21]} Re8 {[%emt 0:00:
31]} 13. Nf1 {[%emt 0:00:07]} Bf8 {[%emt 0:00:28]} 14. Ng3 {[%emt 0:02:19]} g6
{[%emt 0:01:14]} 15. b3 {[%emt 0:00:45]} Bg7 {[%emt 0:02:22]} 16. d5 {[%emt 0:
02:54]} Rc8 {[%emt 0:02:06]} 17. c4 {[%emt 0:01:16]} c6 {[%emt 0:03:34] This
is all very well known and 74 games have already played in this position.} 18.
Bg5 {[%emt 0:00:37]} h6 {[%emt 0:05:10]} 19. Bd2 $5 $146 {[%emt 0:00:10] This
is Harikrishna's novelty. Earlier 19.Be3 has been played. Harikrishna had the
position with Black against Gashimov when the Azeri player had gone Be3. The
idea of this move is to provoke ...a5. Once that is played the queenside
structure is not so solid for Black and he cannot hold his position together
for long and hence has to clarify the situation on the queenside.} (19. Be3 Nb6
{Gashimov-Harikrishna, 2008.}) 19... a5 {[%emt 0:03:02]} (19... Nb6 20. Ba5 $16
) 20. Be3 {[%emt 0:02:07] After provoking ...a5, Hari moves the bishop to e3.}
Ba6 {[%emt 0:14:14]} (20... Nb6 21. Rb1) 21. Qd2 {[%emt 0:11:37]} Kh7 {[%emt 0:
13:41]} (21... bxc4 22. bxc4 Bxc4 23. dxc6 Rxc6 24. Ba4 $14) 22. dxc6 {[%emt 0:
10:34]} Rxc6 {[%emt 0:00:12]} 23. cxb5 {[%emt 0:00:15]} Bxb5 {[%emt 0:00:08]}
24. Rac1 {[%emt 0:00:46]} Bf8 {[%emt 0:10:56]} 25. a4 {[%emt 0:16:41]} Ba6 {
[%emt 0:00:28]} 26. b4 $1 {[%emt 0:00:08] A very nice pawn sacrifice by
Harikrishna.} axb4 {[%emt 0:07:36]} 27. Bb3 {[%emt 0:00:24]} Rxc1 {[%emt 0:02:
49]} 28. Rxc1 {[%emt 0:01:19]} d5 {[%emt 0:10:47]} (28... Qe7 29. Rc7 $36) 29.
Bxd5 {[%emt 0:06:51]} Qe7 {[%emt 0:10:56]} (29... Nxd5 30. Qxd5 $14 (30. exd5
f5 $17)) 30. Bb3 {[%emt 0:03:14]} Rc8 {[%emt 0:01:03]} 31. Rxc8 {[%emt 0:09:18]
} Bxc8 {[%emt 0:00:02]} 32. Qd3 $6 {[%emt 0:00:56]} (32. a5 $16) 32... Bb7 $2 {
[%emt 0:05:37]} (32... Nc5 $1 33. Bxc5 Qxc5 34. Bxf7 Qc3 $1 $11 {It was not so
easy to find these moves that give up the f7-pawn, but if Gonzalez had have
them he would have qualified for the next round.}) 33. a5 {[%emt 0:09:47]} (33.
Qb5 $1 $16) 33... Kg8 {[%emt 0:01:15]} 34. a6 {[%emt 0:07:00]} Ba8 {[%emt 0:00:
10]} 35. a7 {[%emt 0:00:51] The a-pawn single handedly wins the game.} Qe8 {
[%emt 0:01:00]} 36. Qc4 {[%emt 0:01:53]} Kg7 {[%emt 0:00:49]} 37. Qc7 {[%emt 0:
03:28] Black is completely tied up.} Kh7 {[%emt 0:01:25]} 38. Ba4 {[%emt 0:03:
23]} Kg7 {[%emt 0:00:40]} 39. Nd2 {[%emt 0:06:52]} Be7 {[%emt 0:00:20]} 40. Bc6
{[%emt 0:00:00]} Kh7 {[%emt 0:00:45]} 41. Bb7 {[%emt 0:02:42] Next up is Qc6,
and the a-pawn just queens.} 1-0

[Event "Hoogovens"]
[Site "Wijk aan Zee"]
[Date "1991.01.??"]
[Round "12"]
[White "Adams, Michael"]
[Black "Salov, Valery"]
[Result "1-0"]
[WhiteElo "2600"]
[BlackElo "2645"]
[Annotator "Salov,V"]
[PlyCount "133"]
[EventDate "1991.01.??"]
[EventType "tourn"]
[EventRounds "13"]
[EventCountry "NED"]
[EventCategory "14"]
[SourceTitle "CBM 022"]
[Source "ChessBase"]
[SourceDate "1991.06.01"]
[SourceVersion "1"]
[SourceVersionDate "1991.06.01"]
[SourceQuality "1"]

1. e4 e5 2. Nf3 Nc6 3. Bb5 a6 4. Ba4 Nf6 5. O-O Be7 6. Re1 b5 7. Bb3 d6 8. c3
O-O 9. h3 Nb8 10. d4 Nbd7 11. Nbd2 Bb7 12. Bc2 Re8 13. Nf1 Bf8 14. Ng3 g6 15.
a4 c5 16. d5 c4 17. Bg5 h6 18. Be3 Nc5 19. Qd2 h5 20. Bg5 Be7 21. Bh6 Nh7 22.
Ra3 Rb8 23. Rea1 Bc8 24. axb5 axb5 25. Ra7 $5 {TN} (25. Be3 Bf6 26. Ne2 Bd7 27.
Ra7 $14 {Timman-Portisch,Bruxelles 1988}) 25... Bb7 26. Qe3 Bf6 (26... Qb6 $5)
(26... Qd7 $5 {/\ Be7-d8-b6<=>} 27. Nxh5 gxh5 28. Nxe5 dxe5 29. Qg3+ Bg5 30.
Bxg5 Kh8 31. Qh4 $44) 27. Nd2 Qb6 (27... h4 $5 28. Ne2 Bg5 29. Bxg5 Qxg5 30.
Qxg5 Nxg5 31. R1a5 Bc8 32. Nc1 Bd7 $10) 28. b4 cxb3 (28... Ba6 $5 29. R1xa6
Nxa6 30. Qxb6 Rxb6 31. Be3 Reb8 32. Bxb6 Rxb6 33. Ngf1 Bg5 $10) 29. Nxb3 Ra8 (
29... h4 $5 30. Nf1 Bd8 31. Qd2 $1 $13) 30. Rxa8 Rxa8 31. Rb1 $1 Rc8 32. Bd3 $1
Ba6 33. Nxc5 Qxc5 34. Qxc5 Rxc5 35. Ra1 Bc8 36. Ra8 h4 (36... Rxc3 $2 37. Bxb5
Bg7 38. Bxg7 Kxg7 39. Bc6 Be6 40. dxe6 Rxc6 41. e7 $18) 37. Ne2 Bg5 $5 (37...
Ng5 38. Rb8 Be7 39. Rb6 $1) 38. Bxg5 Nxg5 39. Rb8 Kg7 40. Rb6 f5 (40... Rc7 41.
Rxd6 Bxh3 42. gxh3 Nf3+ 43. Kf1 Ra7 44. Nc1 Ra1 45. Ke2 Ng1+ 46. Kd2 Nxh3 47.
Rc6 $1 $18) 41. f3 Rc7 $5 (41... Nf7 42. Bxb5 fxe4 43. fxe4 g5 44. c4 g4 45.
hxg4 Bxg4 46. Nc3 $16) 42. Rxd6 Rb7 43. Kf2 fxe4 44. fxe4 Nf7 45. Ra6 g5 46.
Ke3 g4 47. hxg4 Bxg4 48. Nc1 Ng5 49. Ra5 Rc7 (49... b4 50. c4 Rf7 51. d6 $1 h3
52. gxh3 Rf3+ 53. Kd2 Rxh3 54. d7 Rh2+ 55. Ne2 Nf7 $16) (49... Rf7 $5) 50. Na2
Rf7 51. Nb4 h3 52. gxh3 Rf3+ 53. Kd2 Rxh3 54. Rxb5 Nf3+ 55. Kc1 Ne1 56. Bf1 Rh1
57. Bc4 Nd3+ 58. Kc2 Nf2 59. Rb7+ Kf6 60. d6 Nxe4 61. Nd5+ Ke6 (61... Kg5 62.
Rg7+ $18) (61... Kg6 62. Bd3 $18) 62. d7 Rh2+ 63. Kc1 (63. Be2 $1 $18) 63...
Rh8 64. Ne3+ Kd6 65. Nxg4 Nxc3 66. Nh6 Kc6 67. Ra7 1-0

[Event "Munich"]
[Site "Munich"]
[Date "1990.??.??"]
[Round "?"]
[White "Brunner, Lucas"]
[Black "Beliavsky, Alexander G"]
[Result "1/2-1/2"]
[WhiteElo "2525"]
[BlackElo "2640"]
[Annotator "Schussler,H"]
[PlyCount "156"]
[EventDate "1990.04.??"]
[EventType "tourn"]
[EventRounds "11"]
[EventCountry "GER"]
[EventCategory "13"]
[SourceTitle "CBM 018"]
[Source "ChessBase"]
[SourceDate "1990.10.01"]
[SourceVersion "1"]
[SourceVersionDate "1990.10.01"]
[SourceQuality "1"]

1. e4 e5 2. Nf3 Nc6 3. Bb5 a6 4. Ba4 Nf6 5. O-O Be7 6. Re1 b5 7. Bb3 d6 8. c3
O-O 9. h3 Nb8 10. d4 Nbd7 11. Nbd2 Bb7 12. Bc2 Re8 13. Nf1 Bf8 14. Ng3 g6 15.
a4 c5 16. d5 c4 17. Bg5 h6 18. Be3 Nc5 19. Qd2 h5 20. Bg5 Be7 21. Bh6 Bf8 22.
Bg5 Be7 23. Bh6 Nh7 24. Ra3 Rb8 25. Be3 Qb6 $5 {This might be a small
refinement. In some games Black has parried the threat of Bxc5 by Bf6.
Beliavsky wants to exchange the bishop by Bg5 without losing a tempo by having
to play Bf6.} (25... Bf6 26. axb5 axb5 27. Rea1 Bc8 28. Ne2 Bd7 {Van der Wiel,
J-Timman,J/ Amsterdam 1988}) 26. Rea1 Bc8 27. axb5 axb5 28. Qe1 Bd7 29. Nd2 Bg5
30. Bxg5 Nxg5 31. Qe3 Nh7 32. Ne2 {Starts a known, 'theoretical' manouvre. The
knight is heading for b4 (and perhaps c6).} Rec8 33. Nc1 Qd8 34. Na2 Ra8 35.
Nb4 Rxa3 36. Rxa3 Ra8 37. Rxa8 Qxa8 38. b3 cxb3 39. Nxb3 Nxb3 40. Bxb3 Qa1+ 41.
Kh2 Nf6 42. Bc2 Kg7 43. Qd2 Qb2 44. Qe3 h4 45. Bd1 Qb1 46. Bf3 Qf1 47. Qb6 Qe1
48. Qxd6 Qxc3 49. Nc6 Bxc6 50. dxc6 b4 51. c7 Ne8 52. Qxb4 Qxb4 53. c8=Q Nf6
54. Qc2 Qd4 55. Qe2 Nd7 56. g3 hxg3+ 57. fxg3 Nc5 58. Bg2 Na4 59. h4 Nc3 60.
Qf3 Kf8 61. Kh3 Nd1 62. Kh2 Ne3 63. Qe2 Kg7 64. Bf3 Qc3 65. Bg2 Qc1 66. Bh3 Nc2
67. Bg2 Nd4 68. Qf2 Qd1 69. Kh3 g5 70. Qe3 Ne6 71. Qf3 Qd4 72. Qg4 Qf2 73. Qf3
Qd4 74. Qg4 Qd3 75. Kh2 Qd8 76. Qf5 Qf6 77. Qxf6+ Kxf6 78. Bf3 gxh4 1/2-1/2